| 000 | 00773nam a2200217 a 4500 | ||
|---|---|---|---|
| 999 |
_c10432 _d10432 |
||
| 001 | 10432 | ||
| 003 | BD-JhCC | ||
| 005 | 20180426094858.0 | ||
| 008 | 180426s2003 bg |||| ||a| 000 0 ben d | ||
| 035 | _a(BD-JhCC)10432 | ||
| 040 |
_aBD-JhCC _dBD-JhCC |
||
| 041 | _aben | ||
| 082 |
_a954.92 _bISL 2003 |
||
| 100 | _aইসলাম, মোহাম্মদ রফিকুল | ||
| 245 |
_a১৮৫৭ সালের আযাদী আন্দোলন প্রেক্ষিত বাংলাদেশ / _cমোহাম্মদ রফিকুল ইসলাম, |
||
| 260 |
_aঢাকা : _bইসলামী ফাউণ্ডেশন, _c2003 |
||
| 300 |
_a98 p. : _c21 cm. |
||
| 650 |
_aHistory _zBangladesh |
||
| 942 |
_2ddc _cBK |
||